Centro de Información Agrícola
Se refiere a la necesidad de mejoramiento del sistema de información agrícola en Costa Rica, para lo cual recomienda el fortalecimiento de la Dirección General de Estadística y Censos y la creación del Centro de Información Agrícola, como una dependencia adscripta al Ministerio de Agricultura y Gana...
Gespeichert in:
| Körperschaft: | |
|---|---|
| Format: | Text |
| Veröffentlicht: |
San José:
La empresa
|
| Schlagworte: | |
| Tags: |
Tag hinzufügen
Keine Tags, Fügen Sie den ersten Tag hinzu!
|
MARC
| LEADER | 00000 a a2200000 04500 | ||
|---|---|---|---|
| 001 | 13364 | ||
| 003 | |||
| 040 | |||
| 090 | |a 027000 | ||
| 110 | |a Econométrica | ||
| 245 | |a Centro de Información Agrícola | ||
| 260 | |a San José: |b La empresa | ||
| 300 | |a 138 p | ||
| 300 | |b **no definido** | ||
| 520 | |a Se refiere a la necesidad de mejoramiento del sistema de información agrícola en Costa Rica, para lo cual recomienda el fortalecimiento de la Dirección General de Estadística y Censos y la creación del Centro de Información Agrícola, como una dependencia adscripta al Ministerio de Agricultura y Ganadería, dada la naturaleza de la información. Apunta que es difícil medir los costos y beneficios de cualquier mejoramiento del sistema, sin embargo, si se tomaran esas medidas, serían de gran utilidad. LOB/mb | ||
| 650 | |a INFORMACION ECONOMICA | ||
| 650 | |a SISTEMAS DE INFORMACION | ||
| 650 | |a INFORMACION AGRICOLA | ||
| 650 | |a DIRECCION GENERAL DE ESTADISTICA Y CENSOS, CR | ||
| 650 | |a ESTADISTICAS AGRICOLAS | ||
| 650 | |a FINANCIAMIENTO DE PROYECTOS | ||
| 650 | |a MINISTERIO DE AGRICULTURA Y GANADERIA, CR | ||
| 650 | |a CONSEJO NACIONAL DE PRODUCCION, CR | ||
| 650 | |a COSTOS | ||
| 650 | |a SALARIOS | ||
| 650 | |a GANADO VACUNO | ||
| 650 | |a DISTRIBUCION POR EDAD Y SEXO | ||
| 650 | |a PRECIOS AL CONSUMIDOR | ||
| 650 | |a GASTOS | ||
| 650 | |a ENCUESTAS | ||
| 650 | |a POBLACION | ||
| 650 | |a VIVIENDA | ||
| 650 | |a INDICES DE PRECIOS | ||
| 650 | |a PRESUPUESTO | ||
| 999 | |c 14147 |d 14147 | ||
